Famous NASCAR Race Winners #2 - Statistics

General Stats
  • This quiz has been taken 79 times
  • The average score is 9 of 15
Answer Stats
Hint Explanation Answer % Correct
2018 Go Bowling at the Glen First career win Chase Elliott
76%
2007 Daytona 500 Photo finish vs. Mark Martin Kevin Harvick
76%
1976 Daytona 500 Both Pearson & Richard Petty wrecked on the last lap David Pearson
71%
2022 Food City Dirt Race Bristol; leaders wrecked, giving Busch the win Kyle Busch
69%
2013 Toyota/Save-Mart 350 Sonoma; second career win, first in six years Martin Truex Jr
64%
2021 YellaWood 500 Talladega; first career win Bubba Wallace
61%
1992 All-Star Race "One Hot Night;" Crashed across the finish line Davey Allison
61%
2018 Ford EcoBoost 400 Homestead; won the championship Joey Logano
61%
2007 Coca-Cola 600 Charlotte; first career win Casey Mears
59%
2016 Pure Michigan 400 Michigan; first career win Kyle Larson
59%
2011 Aaron's 499 Talladega; Closest finish in NASCAR history Jimmie Johnson
58%
1993 Daytona 500 "Dale and Dale Show" Dale Jarrett
56%
1999 Goody's Headache Powder 500 Bristol night race; Labonte vs. Earnhardt round 2 Dale Earnhardt
54%
1995 Goody's 500 Bristol night race; Labonte vs. Dale Earnhardt round 1 Terry Labonte
49%
2013 Camping World RV Sales 301 New Hampshire; second/final career win Brian Vickers
42%
No matching quizzes found
Score Distribution
Percent of People with Each Score
Percentile by Number Answered
Your Score History
You have not taken this quiz